Pokémon poison 1ère génération par images - Statistiques

Statistiques générales
  • Ce quiz a été pris 57 fois
  • Le résultat moyen est 29 sur 33
Statistiques - réponses
Par images Réponse % Correct
Abo
96%
Bulbizarre
96%
Smogo
96%
Aspicot
94%
Fantominus
94%
Florizarre
94%
Grotadmorv
94%
Smogogo
94%
Tadmorv
94%
Tentacool
94%
Ectoplasma
92%
Nidoking
92%
Nidoqueen
92%
Nosferapti
92%
Tentacruel
92%
Herbizarre
90%
Arbok
88%
Nidorina
88%
Nidorino
88%
Spectrum
88%
Chétiflor
86%
Boustiflor
84%
Mystherbe
84%
Nosferalto
84%
Rafflesia
84%
Coconfort
82%
Dardargnan
82%
Mimitoss
82%
Nidoran femelle
82%
Nidoran mâle
80%
Ortide
80%
Empiflor
76%
Aéromite
73%
Aucun quiz correspondant
Distribution des résultats
% des personnes avec chaque résultat
Percentile par nombre de réponses
Votre historique - résultats
Vous n’avez pas pris ce quiz